The critique of the state
The concept of the state has been central to the study of politics and society. Jens Bartelson examines the history of the concept, and argues that the state has largely been taken for granted as the embodiment of authority, rather than analysed itself. He sees the state as a historically limited ph...
Сохранить в:
| Главный автор: | |
|---|---|
| Формат: | |
| Язык: | Undetermined |
| Опубликовано: |
Cambridge,New York
Cambridge University Press
2001
|
| Предметы: | |
| Метки: |
Добавить метку
Нет меток, Требуется 1-ая метка записи!
|
| Thư viện lưu trữ: | Trung tâm Học liệu Trường Đại học Cần Thơ |
|---|
| LEADER | 01040nam a2200205Ia 4500 | ||
|---|---|---|---|
| 001 | CTU_158217 | ||
| 008 | 210402s9999 xx 000 0 und d | ||
| 020 | |c 90 | ||
| 082 | |a 320.1 | ||
| 082 | |b B283 | ||
| 100 | |a Bartelson, Jens | ||
| 245 | 4 | |a The critique of the state | |
| 245 | 0 | |c Jens Bartelson | |
| 260 | |a Cambridge,New York | ||
| 260 | |b Cambridge University Press | ||
| 260 | |c 2001 | ||
| 520 | |a The concept of the state has been central to the study of politics and society. Jens Bartelson examines the history of the concept, and argues that the state has largely been taken for granted as the embodiment of authority, rather than analysed itself. He sees the state as a historically limited phenomenon, and argues that this explains the way political scientists have framed the subject they study. This book will appeal to political and social theorists, as well as philosophers of social science | ||
| 650 | |a State, The,Nhà nước | ||
| 910 | |a Nguyên | ||
| 980 | |a Trung tâm Học liệu Trường Đại học Cần Thơ | ||